| 000 | 00566nam a2200205 a 4500 | ||
|---|---|---|---|
| 001 | 921 | ||
| 003 | CDMR | ||
| 005 | 20131018110004.0 | ||
| 008 | 130130s1974||||||||||||||||||||||||||||d | ||
| 020 | _a8485047249 | ||
| 040 |
_aCDMR _bcat _cCPC LLEIDA |
||
| 100 | 1 |
_aKayser, Jacques _9549 |
|
| 245 | 1 | 3 |
_aEl diario francés _cJacques Kayser |
| 260 |
_aBarcelona _c1974 _bATE |
||
| 490 | 0 | _aLibros de comunicación social | |
| 650 | 0 | 4 |
_93752 _aPremsa _zFrança |
| 650 | 0 | 4 |
_93419 _aDiaris _xSeccions, columnes, etc |
| 650 | 0 | 4 |
_9311 _aEmpreses periodístiques |
| 942 |
_cMON _2udc |
||
| 999 |
_c921 _d921 |
||